Lacs du monde - Statistiques

Statistiques générales
  • Ce quiz a été pris 92 fois
  • Le résultat moyen est 13 sur 26
Statistiques - réponses
Zone Géographique Réponse % Correct
Afrique Lac Victoria
89%
Amérique du Nord Lac Michigan
82%
Amérique du Nord Lac Supérieur
80%
Asie Lac Baïkal
79%
Amérique du Nord Lac Érié
79%
Europe Lac Léman
77%
Amérique du Sud Lac Titicaca
75%
Amérique du Nord Lac Ontario
64%
Asie Mer Caspienne
63%
Amérique du Nord Lac Huron
59%
Asie Mer Aral
55%
Moyen Orient Mer Morte
52%
Afrique Lac Malawi
50%
Amérique du Nord Grand Lac des Esclaves
45%
Amérique du Nord Grand Lac de l'Ours
43%
Afrique Lac Tanganyika
41%
Afrique Lac Tchad
38%
Amérique Centrale Lac Nicaragua
34%
Amérique du Sud Lac Maracaibo
30%
Europe Lac Ladoga
27%
Amérique du Nord Lac Winnipeg
25%
Asie Lac Balkhach
23%
Océanie Lac Eyre
23%
Asie Tonlé Sap
14%
Asie Lac Qinghai
11%
Asie Lac Toba
7%
Aucun quiz correspondant
Distribution des résultats
% des personnes avec chaque résultat
Percentile par nombre de réponses
Votre historique - résultats
Vous n’avez pas pris ce quiz